| 000 | 00483nam a2200181Ia 4500 | ||
|---|---|---|---|
| 001 | 18953 | ||
| 005 | 20260306171708.0 | ||
| 008 | 260306s9999||||xx |||||||||||||| ||und|| | ||
| 041 | _aESP | ||
| 082 |
_a658.562 _bP699 |
||
| 100 |
_aPyzdek, Thomas _eAUT |
||
| 245 | 0 |
_aEl manual de administración de la calidad: _bguía completa para la excelencia operativa |
|
| 260 | _c2015 | ||
| 300 |
_a303 páginas : _c27 cm. |
||
| 650 | _aGEN | ||
| 654 | _aCAN | ||
| 942 |
_cLIB _dJUS _fJUS _2ddc _n |
||
| 999 |
_c18953 _d18953 |
||